| 000 | 00692nam a2200205Ii 4500 | ||
|---|---|---|---|
| 003 | JO-AjNU | ||
| 008 | 230605s9999||||xx |||||||||||||| ||und|| | ||
| 040 |
_aJO-AjNU _bara _erda _cJO-AjNU |
||
| 041 | _aara | ||
| 050 | 1 | 4 | _aLB1140.4.E8712 2005 |
| 100 | 3 |
_aعيسى،إيفال , _eauthor _922372 |
|
| 245 | 0 | 0 | _aمنهج التعليم في الطفولة المبكرة ومكوناته |
| 250 | _aط1 | ||
| 264 | 3 | 1 | _aالعين:دار الكتاب الجامعي،2005 |
| 300 | _a265ص | ||
| 336 |
_atext _btxt _2rdacontent |
||
| 337 |
_aunmediated _bn _2rdamedia |
||
| 338 |
_avolume _bnc _2rdacarrier |
||
| 650 | 4 |
_aتعليم الأطفال-مناهج. الأطفال-نمو _922373 |
|
| 999 |
_aA7930 _c11498 _d11498 |
||